000 01234nam0a22002411 4500
001 rc\4048249
005 20260407094324.0
035 _a(NLR Aleph) 007958539
090 _a8384572
_c8384572
100 _a20130415a19539999|||y0rusy50 ca
101 0 _arus
102 _aRU
105 _ay z |||||
200 1 _aСборник работ слушателей факультета (членов кружка ВНО)
_eВып. 1-
_fКраснознам. воен. фак. физ. культуры и спорта при ГДОИФК им. П.Ф. Лесгафта
210 _aЛенинград
_cБ. и.
_d1953-
333 _aОгранич. пользования
710 0 2 _aИнститут физической культуры им. П. Ф. Лесгафта
_cЛенинград
_bВоенный факультет физической культуры и спорта
_3RU\NLR\AUTH\889918637
_9333389
801 0 _aRU
_bNLR
_gpsbo
801 1 _aRU
_bELAR
_2rusmarc
830 _aПеречень имеющихся в библиотеке томов, номеров, годов этого издания смотри в каталоге периодических изданий
852 _aNLR
_jП40/56
942 _cBOOK
980 _aNB